| 000 | 00482nam a22001817a 4500 | ||
|---|---|---|---|
| 005 | 20260505110243.0 | ||
| 008 | 260505b |||||||| |||| 00| 0 eng d | ||
| 020 | _a978-1352001112 | ||
| 082 |
_a658.83 _bWIL-M |
||
| 100 | _aWilson, Alan | ||
| 245 |
_aMarketing Research: _bDelivering Customer Insight |
||
| 250 | _a4th ed | ||
| 260 |
_aHarlow, England _bRed Globe Press _c2019 |
||
| 300 | _a402 p. | ||
| 500 | _aIncludes index. | ||
| 650 | _aGeneral Management | ||
| 942 | _cBK | ||
| 999 |
_c47509 _d47509 |
||